| 000 | 01176nam a2200289 i 4500 | ||
|---|---|---|---|
| 001 | 000049167 | ||
| 003 | DO-SdBNP | ||
| 005 | 20240411202003.0 | ||
| 007 | ta | ||
| 008 | 190724s2005 dr 000 0 spa d | ||
| 040 |
_aDO-SdBNP _bspa _cBNPHU _erda |
||
| 082 | 4 |
_a323 _bR426p8 _222 |
|
| 110 | 1 |
_aRepública Dominicana. _bSecretaría de Estado de Interior y Policía. _bPlan de Seguridad Democrática. _bVoluntariado de la Garantía de los Derechos Ciudadanos . _954546 |
|
| 245 | 0 | 0 |
_aProtocolo facultativo del pacto internacional de derechos civiles y políticos : _badoptado por la Asamblea General de Las Naciones Unidas de 1966 |
| 264 |
_aSanto Domingo : _bPlan de Seguridad Democrática, _c2005 |
||
| 300 |
_a16 paginas ; _c15 cm. |
||
| 336 |
_2rdacontent _atexto _btxt |
||
| 337 |
_2rdamedia _asin mediación _bn |
||
| 338 |
_2rdacarrier _avolumen _bnc |
||
| 490 | 1 |
_aDerechos ciudadanos _v8 |
|
| 590 | _aInventariado, 2023/DG | ||
| 650 | 0 |
_aDerechos humanos _9658 |
|
| 650 | 4 |
_aDerechos políticos _950376 |
|
| 710 | 2 |
_aSecretaría de Estado de Interior y Policía (República Dominicana) _976495 |
|
| 910 | _aDG/Validado. Control de calidad MFF | ||
| 942 |
_2ddc _cLF2 |
||
| 999 |
_c54288 _d54288 |
||